[Event "FIN-chT 1314"]
[Site "Finland"]
[Date "2013.10.13"]
[Round "4.8"]
[White "Hokkanen, Petri"]
[Black "Soppela, Jouni"]
[Result "1-0"]
[WhiteElo "2291"]
[BlackElo "2125"]
[PlyCount "51"]
[EventDate "2013.09.21"]
[EventType "team-tourn"]
[EventRounds "11"]
[EventCountry "FIN"]
[SourceTitle "EXT 2014"]
[Source "ChessBase"]
[SourceDate "2013.11.20"]
[SourceVersion "1"]
[SourceVersionDate "2013.11.20"]
[SourceQuality "1"]
[WhiteTeam "Porvoo Velhot"]
[BlackTeam "Jyvaskyla JyS"]
[WhiteTeamCountry "FIN"]
[BlackTeamCountry "FIN"]

1. e4 e5 2. Nf3 d6 3. d4 Nd7 4. Nc3 c6 5. a4 Be7 6. Bc4 exd4 7. Nxd4 Ne5 8. Be2 Nf6 9. f4 Neg4 10. 0-0 h5 11. Bf3 d5 12. e5 Ne4 13. Nxe4 dxe4 14. Bxe4 Bc5 15. c3 Qh4 16. h3 Be6 17. Qf3 0-0-0 18. Be3 Nxe3 19. Qxe3 g5 20. b4 gxf4 21. Rxf4 Bxd4 22. cxd4 Qg5 23. h4 Qe7 24. b5 cxb5 25. axb5 b6 26. Qc3+ 1-0

[Event "FIN-chT1D 0809"]
[Site "Finland"]
[Date "2009.??.??"]
[Round "5.1"]
[White "Kiltti, Jyrki"]
[Black "Soppela, Jouni"]
[Result "1-0"]
[WhiteElo "2224"]
[BlackElo "2161"]
[PlyCount "41"]
[EventDate "2008.??.??"]
[EventType "team-tourn"]
[EventRounds "5"]
[EventCountry "FIN"]
[SourceTitle "EXT 2022"]
[Source "ChessBase"]
[SourceDate "2021.10.06"]
[SourceVersion "1"]
[SourceVersionDate "2021.10.06"]
[SourceQuality "1"]
[WhiteTeam "Tampere Tammer II"]
[BlackTeam "Jyvaskyla JyS II"]
[WhiteTeamCountry "FIN"]
[BlackTeamCountry "FIN"]

1. d4 d5 2. Bf4 Nf6 3. Nf3 Nbd7 4. e3 e6 5. Bd3 Be7 6. g4 c6 7. Nbd2 g5 8. Nxg5 h6 9. Ngf3 Nxg4 10. Rg1 Ngf6 11. Ne5 Nxe5 12. dxe5 Nd7 13. Qh5 Bf8 14. Ke2 Nc5 15. Bg5 Qc7 16. Bf6 Nxd3 17. cxd3 Rh7 18. Rg8 b6 19. Rag1 Ba6 20. Rxf8+ Kxf8 21. Qg4 1-0

[Event "Heart of Finland op 17th"]
[Site "Jyvaskyla"]
[Date "2007.07.18"]
[Round "6"]
[White "Soppela, Jouni"]
[Black "Nivala, Tuomas"]
[Result "0-1"]
[WhiteElo "2180"]
[BlackElo "2195"]
[PlyCount "85"]
[EventDate "2007.07.16"]
[EventType "swiss"]
[EventRounds "9"]
[EventCountry "FIN"]
[SourceTitle "CBM 119 Extra"]
[Source "ChessBase"]
[SourceDate "2007.09.04"]
[SourceVersion "1"]
[SourceVersionDate "2007.09.04"]
[SourceQuality "1"]

1. e4 Nc6 2. d4 d5 3. exd5 Qxd5 4. Nf3 e5 5. Be2 Nxd4 6. Nxd4 Qxd4 7. Nd2 Bf5 8. c3 Qd7 9. Qb3 c6 10. 0-0 Bc5 11. Nf3 Qe7 12. Re1 Be6 13. Bc4 Bxc4 14. Qxc4 f6 15. a4 Bd6 16. Nd4 Qf7 17. Nf5 Bf8 18. Qd3 g6 19. Ne3 Rd8 20. Qe2 Bh6 21. Ng4 Bxc1 22. Raxc1 Kf8 23. a5 Kg7 24. Rcd1 Rxd1 25. Rxd1 h5 26. Ne3 Nh6 27. a6 b5 28. h3 Rc8 29. Rd6 Qe7 30. Qd2 Rc7 31. c4 Nf7 32. c5 Qf8 33. Qa5 Qc8 34. Rd3 Rd7 35. Ra3 Qd8 36. Qe1 Rd2 37. Ra1 Qd4 38. Rd1 Rxd1 39. Qxd1 Qxd1+ 40. Nxd1 Nd8 41. b4 Ne6 42. Nc3 Nc7 43. Kh2 0-1

[Event "FIN-chT 0607"]
[Site "Finland"]
[Date "2007.01.13"]
[Round "6.5"]
[White "Soppela, Jouni"]
[Black "Hentunen, Asko"]
[Result "0-1"]
[WhiteElo "2183"]
[BlackElo "2336"]
[PlyCount "62"]
[EventDate "2006.09.14"]
[EventType "team-tourn"]
[EventRounds "9"]
[EventCountry "FIN"]
[SourceTitle "EXT 2022"]
[Source "ChessBase"]
[SourceDate "2021.10.06"]
[SourceVersion "1"]
[SourceVersionDate "2021.10.06"]
[SourceQuality "1"]
[WhiteTeam "Jyvaskyla JyS"]
[BlackTeam "Espoo MatSK"]
[WhiteTeamCountry "FIN"]
[BlackTeamCountry "FIN"]

1. e4 c5 2. Nf3 g6 3. d4 Bg7 4. Nc3 Qa5 5. Be2 Nc6 6. Be3 Nf6 7. 0-0 Ng4 8. Bf4 cxd4 9. Nb5 d6 10. Nfxd4 Nxd4 11. Nxd4 Nf6 12. Re1 0-0 13. Bf3 Nd7 14. c3 Qb6 15. Nb3 Ne5 16. Be2 Bd7 17. Be3 Qc7 18. Bd4 b5 19. Nd2 Rab8 20. Rc1 Be6 21. b3 Bh6 22. Rc2 Nc6 23. Nf1 Rfc8 24. Be3 Bg7 25. Rc1 Qa5 26. Qd2 b4 27. cxb4 Nxb4 28. h3 Qa3 29. Rxc8+ Rxc8 30. Bd4 Bxd4 31. Qxd4 Nc2 0-1

[Event "FIN-chT1C 0607"]
[Site "Finland"]
[Date "2006.11.19"]
[Round "4.1"]
[White "Vuorisalo, Veli Matti"]
[Black "Soppela, Jouni"]
[Result "0-1"]
[WhiteElo "2180"]
[BlackElo "2183"]
[PlyCount "60"]
[EventDate "2006.09.16"]
[EventType "team-tourn"]
[EventRounds "7"]
[EventCountry "FIN"]
[SourceTitle "EXT 2022"]
[Source "ChessBase"]
[SourceDate "2021.10.06"]
[SourceVersion "1"]
[SourceVersionDate "2021.10.06"]
[SourceQuality "1"]
[WhiteTeam "Pori PSY"]
[BlackTeam "Jyvaskyla JyS II"]
[WhiteTeamCountry "FIN"]
[BlackTeamCountry "FIN"]

1. c4 Nf6 2. g3 e6 3. Bg2 d5 4. Nf3 Nbd7 5. 0-0 Be7 6. b3 0-0 7. Bb2 b6 8. d4 Bb7 9. Nc3 Ne4 10. Rc1 dxc4 11. bxc4 c5 12. Qd3 Nxc3 13. Bxc3 cxd4 14. Bxd4 Nc5 15. Qe3 Bxf3 16. exf3 Qc7 17. Rfd1 Rad8 18. Be5 Qc6 19. f4 Qa4 20. Bf3 Qxa2 21. f5 Nb3 22. Be4 Nxc1 23. Qxc1 Rxd1+ 24. Qxd1 Bc5 25. Qf3 Rd8 26. fxe6 fxe6 27. Kg2 Rf8 28. Bf4 Qxf2+ 29. Kh3 Qxf3 30. Bxf3 g5 0-1

[Event "Heart of Finland op 16th"]
[Site "Jyvaskyla"]
[Date "2006.07.13"]
[Round "5"]
[White "Kiik, Kalle"]
[Black "Soppela, Jouni"]
[Result "1-0"]
[WhiteElo "2452"]
[BlackElo "2183"]
[PlyCount "115"]
[EventDate "2006.07.07"]
[EventType "swiss"]
[EventRounds "9"]
[EventCountry "FIN"]
[SourceTitle "CBM 113 Extra"]
[Source "ChessBase"]
[SourceDate "2006.09.14"]
[SourceVersion "1"]
[SourceVersionDate "2006.09.14"]
[SourceQuality "1"]

1. c4 e5 2. g3 Nf6 3. Bg2 c6 4. a3 g6 5. d4 exd4 6. Qxd4 Bg7 7. Qe5+ Qe7 8. Bf4 Nh5 9. Qxe7+ Kxe7 10. Bg5+ Bf6 11. Nf3 d6 12. Nc3 h6 13. Bxf6+ Nxf6 14. Nd4 Be6 15. Nxe6 fxe6 16. 0-0-0 Nbd7 17. h3 Ne5 18. b3 Rhd8 19. e4 Nf7 20. Kc2 Rac8 21. Kb2 Rf8 22. Rd2 Rcd8 23. Re1 g5 24. Rh1 e5 25. Nd1 h5 26. Ne3 Nh6 27. b4 Ne8 28. g4 h4 29. Rhd1 Nc7 30. Nf5+ Nxf5 31. exf5 Rf6 32. Re1 Rff8 33. a4 Kf6 34. Red1 Ke7 35. b5 cxb5 36. cxb5 b6 37. Rc1 Ne8 38. Bd5 Rf6 39. Kb3 Rh6 40. f3 Rd7 41. Rc8 Rc7 42. Rc2 Kd7 43. Rxe8 Rxc2 44. Rg8 Rc5 45. Rg7+ Ke8 46. Bc6+ Kf8 47. Rxa7 d5 48. Rd7 d4 49. Kb4 Rc1 50. Bd5 Ke8 51. Be6 Rc3 52. a5 bxa5+ 53. Ka4 d3 54. b6 Rc4+ 55. Kxa5 Rc5+ 56. Kb4 Rc6 57. Kb5 Rc3 58. b7 1-0

[Event "Heart of Finland op 14th"]
[Site "Jyvaskyla"]
[Date "2004.07.24"]
[Round "7"]
[White "Soppela, Jouni"]
[Black "Novik, Maxim"]
[Result "0-1"]
[WhiteElo "2177"]
[BlackElo "2513"]
[PlyCount "70"]
[EventDate "2004.07.21"]
[EventType "swiss"]
[EventRounds "9"]
[EventCountry "FIN"]
[SourceTitle "EXT 2007"]
[Source "ChessBase"]
[SourceDate "2006.11.23"]
[SourceVersion "1"]
[SourceVersionDate "2006.11.23"]
[SourceQuality "1"]

1. Nf3 Nf6 2. d4 g6 3. c4 Bg7 4. Nc3 0-0 5. Bg5 c5 6. d5 d6 7. h3 h6 8. Bd2 e6 9. dxe6 Bxe6 10. e3 Nc6 11. Be2 d5 12. cxd5 Nxd5 13. 0-0 Nxc3 14. Bxc3 Bxc3 15. bxc3 Qa5 16. Qc2 Rfd8 17. Nh4 Kg7 18. f4 Ne7 19. e4 f6 20. f5 gxf5 21. Nxf5+ Nxf5 22. exf5 Bf7 23. Rf4 Qc7 24. Raf1 Kh7 25. Bc4 Bxc4 26. Rxc4 Rg8 27. Re4 Rg7 28. Rfe1 Rag8 29. R1e2 Qg3 30. Kh1 Rd8 31. R4e3 Qf4 32. Rf3 Qg5 33. Rf1 c4 34. Qe4 b5 35. Rf4 Rd1+ 0-1

[Event "FIN-chT1C 0304"]
[Site "Finland"]
[Date "2004.03.13"]
[Round "7.2"]
[White "Behm, Jukka"]
[Black "Soppela, Jouni"]
[Result "1-0"]
[WhiteElo "2093"]
[BlackElo "2184"]
[PlyCount "35"]
[EventDate "2003.09.??"]
[EventType "team-tourn"]
[EventRounds "7"]
[EventCountry "FIN"]
[SourceTitle "EXT 2022"]
[Source "ChessBase"]
[SourceDate "2021.10.06"]
[SourceVersion "1"]
[SourceVersionDate "2021.10.06"]
[SourceQuality "1"]
[WhiteTeam "Joensuu SK II"]
[BlackTeam "Jyvaskyla JyS II"]
[WhiteTeamCountry "FIN"]
[BlackTeamCountry "FIN"]

1. d4 d6 2. e4 g6 3. Nc3 c6 4. Be3 Bg7 5. Qd2 Qa5 6. f3 h5 7. Bc4 b5 8. Nxb5 Qxd2+ 9. Kxd2 cxb5 10. Bd5 e6 11. Bxa8 Ne7 12. d5 a6 13. c3 Bd7 14. Ne2 e5 15. Rhd1 h4 16. Kc2 f5 17. h3 Bf6 18. Bb6 1-0

[Event "Heart of Finland op 11th"]
[Site "Jyvaskyla"]
[Date "2001.??.??"]
[Round "3"]
[White "Soppela, Jouni"]
[Black "Pirttimaki, Timo"]
[Result "0-1"]
[WhiteElo "2156"]
[BlackElo "2257"]
[PlyCount "52"]
[EventDate "2001.07.??"]
[EventType "swiss"]
[EventRounds "9"]
[EventCountry "FIN"]
[SourceTitle "EXT 2002"]
[Source "ChessBase"]
[SourceDate "2001.11.25"]
[SourceVersion "1"]
[SourceVersionDate "2001.11.25"]
[SourceQuality "1"]

1. Nf3 g6 2. e4 c5 3. d4 cxd4 4. Qxd4 Nf6 5. Bc4 Nc6 6. Qe3 Bg7 7. 0-0 0-0 8. Nc3 d6 9. Re1 Bd7 10. Bd2 Rc8 11. Bb3 b6 12. Rad1 Na5 13. Bd5 Nxd5 14. exd5 Nc4 15. Qxe7 Nxb2 16. Qxd6 Nxd1 17. Nxd1 Bg4 18. Qf4 Bxf3 19. Qxf3 Rxc2 20. Bb4 Re8 21. Ne3 Rxa2 22. d6 Ra4 23. Rd1 a5 24. d7 Rxb4 25. dxe8Q+ Qxe8 26. g3 Rd4 0-1

[Event "FIN-chT1C 9900"]
[Site "Finland"]
[Date "2000.??.??"]
[Round "5.1"]
[White "Tammela, Kari"]
[Black "Soppela, Jouni"]
[Result "1-0"]
[WhiteElo "2254"]
[BlackElo "2174"]
[PlyCount "85"]
[EventDate "1999.??.??"]
[EventType "team-tourn"]
[EventRounds "7"]
[EventCountry "FIN"]
[SourceTitle "EXT 2001"]
[Source "ChessBase"]
[SourceDate "2000.11.22"]
[SourceVersion "1"]
[SourceVersionDate "2000.11.22"]
[SourceQuality "1"]
[WhiteTeam "Vaasa VSS"]
[BlackTeam "Laukaa SK"]
[WhiteTeamCountry "FIN"]
[BlackTeamCountry "FIN"]

1. e4 e5 2. Bc4 Nf6 3. d3 Be7 4. Nf3 d6 5. 0-0 c6 6. Re1 0-0 7. Bb3 Na6 8. c3 Bg4 9. h3 Bd7 10. Nbd2 Nc5 11. Bc2 Bc8 12. Nf1 b5 13. d4 Ncd7 14. Ng3 Ne8 15. Be3 g6 16. a4 a6 17. axb5 cxb5 18. dxe5 dxe5 19. Bh6 Ng7 20. Qd5 Qc7 21. Rad1 Rb8 22. Bb3 Bf6 23. Qd6 Qd8 24. Qa3 Be7 25. Qa2 Qe8 26. Nf1 b4 27. Ne3 Nc5 28. Bd5 b3 29. Qb1 Bf6 30. Nc4 Qe7 31. Be3 Nge6 32. Ncxe5 Bb7 33. Ng4 Bg7 34. Nd2 a5 35. Nxb3 Nxb3 36. Bxb3 Bxe4 37. Qxe4 Rxb3 38. Bc1 Rfb8 39. Rd5 Qc7 40. Red1 h5 41. Nh2 Qc6 42. Nf3 Kh7 43. Rxh5+ 1-0

[Event "FIN-chT1C 9900"]
[Site "Finland"]
[Date "1999.??.??"]
[Round "?"]
[White "Satonen, Arto"]
[Black "Soppela, Jouni"]
[Result "0-1"]
[WhiteElo "2242"]
[BlackElo "2174"]
[PlyCount "98"]
[EventDate "1999.??.??"]
[EventType "team-tourn"]
[EventRounds "7"]
[EventCountry "FIN"]
[SourceTitle "EXT 2001"]
[Source "ChessBase"]
[SourceDate "2000.11.22"]
[SourceVersion "1"]
[SourceVersionDate "2000.11.22"]
[SourceQuality "1"]
[WhiteTeam "Vammala SK"]
[BlackTeam "Laukaa SK"]
[WhiteTeamCountry "FIN"]
[BlackTeamCountry "FIN"]

1. e4 e5 2. Nf3 Nc6 3. Bc4 Nf6 4. d3 Be7 5. 0-0 0-0 6. h3 a6 7. a4 d5 8. exd5 Nxd5 9. Re1 Nb6 10. Bb3 Nd7 11. Nc3 Kh8 12. d4 Nxd4 13. Nxd4 exd4 14. Qxd4 Nc5 15. Qxd8 Bxd8 16. Bxf7 Bf5 17. Bb3 Nxb3 18. cxb3 c6 19. Bf4 Bf6 20. Be5 Bg5 21. Ne4 Bxe4 22. Rxe4 Rf7 23. Rae1 h6 24. Bd4 Rd8 25. R1e2 Kh7 26. h4 Bf4 27. g3 Bd6 28. Bb6 Rdd7 29. Rd2 Bf8 30. Rxd7 Rxd7 31. Rd4 Rf7 32. Kg2 g6 33. Rd8 Bg7 34. Bd4 h5 35. f3 Re7 36. Kf2 Bxd4+ 37. Rxd4 Kg7 38. Re4 Rd7 39. Ke3 Kf6 40. Rd4 Rd5 41. Rxd5 cxd5 42. Kd4 Ke6 43. a5 Kd6 44. g4 Ke6 45. b4 g5 46. hxg5 h4 47. f4 h3 48. f5+ Kf7 49. g6+ Kg7 0-1

[Event "Heart of Finland op 08th"]
[Site "Jyvaskyla"]
[Date "1998.??.??"]
[Round "?"]
[White "Peltola, Leo"]
[Black "Soppela, Jouni"]
[Result "1-0"]
[WhiteElo "2030"]
[BlackElo "2210"]
[PlyCount "89"]
[EventDate "1998.07.??"]
[EventType "swiss"]
[EventRounds "9"]
[EventCountry "FIN"]
[SourceTitle "EXT 2000"]
[Source "ChessBase"]
[SourceDate "1999.11.16"]
[SourceVersion "1"]
[SourceVersionDate "1999.11.16"]
[SourceQuality "1"]

1. e4 e5 2. Nf3 Nc6 3. Bb5 Nge7 4. 0-0 g6 5. c3 Bg7 6. d4 exd4 7. cxd4 d5 8. exd5 Nxd5 9. Re1+ Be6 10. Bg5 Qd6 11. Nc3 0-0 12. Qd2 Bg4 13. Bxc6 bxc6 14. Ne5 Bf5 15. Bh6 Rfe8 16. g4 Be6 17. Bxg7 Kxg7 18. Ne4 Qb4 19. Qd3 f6 20. Nxc6 Qb6 21. Rac1 Bxg4 22. Qc4 Nf4 23. Nxf6 Kxf6 24. Ne5 Bf5 25. Qf7+ Kg5 26. Qxh7 Rxe5 27. Rxe5 Qxd4 28. Qe7+ Kg4 29. Re3 Nh3+ 30. Kg2 Nf4+ 31. Kh1 Qd5+ 32. f3+ Kh3 33. Qg5 Nh5 34. Qg2+ Kh4 35. Re4+ Nf4 36. Rxf4+ Kh5 37. Qg3 g5 38. Rfc4 Rf8 39. Rc5 Qd3 40. Rg1 Rg8 41. Rxc7 Qd5 42. Rxa7 g4 43. Ra4 Bd7 44. Re4 Rg5 45. h4 1-0

[Event "Heart of Finland op 08th"]
[Site "Jyvaskyla"]
[Date "1998.??.??"]
[Round "?"]
[White "Soppela, Jouni"]
[Black "Dworakowska, Joanna"]
[Result "0-1"]
[WhiteElo "2210"]
[BlackElo "2355"]
[PlyCount "84"]
[EventDate "1998.07.??"]
[EventType "swiss"]
[EventRounds "9"]
[EventCountry "FIN"]
[SourceTitle "EXT 2000"]
[Source "ChessBase"]
[SourceDate "1999.11.16"]
[SourceVersion "1"]
[SourceVersionDate "1999.11.16"]
[SourceQuality "1"]

1. e4 c5 2. Nc3 d6 3. Bc4 g6 4. f4 Bg7 5. d3 Nf6 6. Nf3 0-0 7. 0-0 e6 8. f5 exf5 9. Bg5 h6 10. Bh4 Be6 11. exf5 Bxf5 12. Nd2 Qd7 13. Bxf6 Bxf6 14. Nd5 Bg7 15. a4 Nc6 16. Ne4 Kh8 17. Qd2 Ne5 18. Bb5 Qd8 19. a5 a6 20. Ba4 Bxe4 21. dxe4 Nc4 22. Qe2 Nxa5 23. c3 b5 24. Bc2 Nc6 25. Rf2 Ne5 26. Raf1 Qg5 27. Nf6 Ra7 28. g3 h5 29. Kg2 h4 30. Rf4 Bxf6 31. Rxf6 Rd7 32. R6f4 hxg3 33. hxg3 Kg7 34. Qd2 f6 35. Qd5 Rh8 36. Qe6 Rf7 37. Qxd6 Ng4 38. Qd3 Qh5 39. Qd2 Qh2+ 40. Kf3 Ne5+ 41. Ke3 Nc4+ 42. Kf3 Nxd2+ 0-1

[Event "Jyvaskyla op"]
[Site "Jyvaskyla"]
[Date "1995.??.??"]
[Round "1"]
[White "Hermlin, Aarne"]
[Black "Soppela, Jouni"]
[Result "1-0"]
[WhiteElo "2355"]
[BlackElo "2245"]
[PlyCount "41"]
[EventDate "1995.??.??"]
[EventType "swiss"]
[EventRounds "5"]
[EventCountry "FIN"]
[SourceTitle "EXT 2000"]
[Source "ChessBase"]
[SourceDate "1999.11.16"]
[SourceVersion "1"]
[SourceVersionDate "1999.11.16"]
[SourceQuality "1"]

1. Nc3 e5 2. Nf3 Nc6 3. d4 exd4 4. Nxd4 Bb4 5. Nxc6 Bxc3+ 6. bxc3 bxc6 7. e4 Qe7 8. Bd3 Nf6 9. 0-0 0-0 10. Bg5 d6 11. f4 Be6 12. Kh1 Bd7 13. e5 dxe5 14. fxe5 Qxe5 15. Bxf6 gxf6 16. Bxh7+ Kxh7 17. Qxd7 Qxc3 18. Rae1 Rad8 19. Qf5+ Kh6 20. Qf4+ Kh5 21. Re3 1-0

[Event "Kuopio op1"]
[Site "Kuopio"]
[Date "1995.??.??"]
[Round "?"]
[White "Skomorokhin, Roman"]
[Black "Soppela, Jouni"]
[Result "1-0"]
[WhiteElo "2465"]
[BlackElo "2245"]
[PlyCount "69"]
[EventDate "1995.??.??"]
[EventType "swiss"]
[EventRounds "9"]
[EventCountry "FIN"]
[SourceTitle "EXT 2000"]
[Source "ChessBase"]
[SourceDate "1999.11.16"]
[SourceVersion "1"]
[SourceVersionDate "1999.11.16"]
[SourceQuality "1"]

1. d4 d5 2. c4 e6 3. Nc3 Nf6 4. cxd5 exd5 5. Bg5 Be7 6. e3 Nbd7 7. Bd3 0-0 8. Nge2 h6 9. Bh4 c6 10. f3 Re8 11. 0-0 c5 12. Kh1 b6 13. Bb5 g5 14. Bc6 gxh4 15. Bxa8 Ba6 16. Bc6 Bd6 17. dxc5 Bb8 18. Bxd7 Qxd7 19. Qd4 Re5 20. cxb6 Qe7 21. Rfd1 axb6 22. Nf4 Bb7 23. Qxb6 h3 24. Rg1 Kh7 25. Raf1 Bd6 26. Qd4 Bc5 27. Qd3+ Kh8 28. Nd1 Qd6 29. Qd2 Rf5 30. Nd3 Ba7 31. gxh3 d4 32. Ne1 Ne4 33. fxe4 Bxe4+ 34. Ng2 Bb8 35. Qxd4+ 1-0

[Event "Jyvaskyla op"]
[Site "Jyvaskyla"]
[Date "1995.??.??"]
[Round "2"]
[White "Soppela, Jouni"]
[Black "Tuomala, Tapio"]
[Result "0-1"]
[WhiteElo "2245"]
[BlackElo "2285"]
[PlyCount "111"]
[EventDate "1995.??.??"]
[EventType "swiss"]
[EventRounds "5"]
[EventCountry "FIN"]
[SourceTitle "EXT 2000"]
[Source "ChessBase"]
[SourceDate "1999.11.16"]
[SourceVersion "1"]
[SourceVersionDate "1999.11.16"]
[SourceQuality "1"]

1. e4 e5 2. Nf3 Nc6 3. d4 exd4 4. Bc4 Nf6 5. Ng5 d5 6. exd5 Na5 7. Bb5+ c6 8. dxc6 bxc6 9. Be2 Be7 10. 0-0 0-0 11. Nd2 Bf5 12. Ndf3 c5 13. Bd3 Qd5 14. Nh4 Bxd3 15. Qxd3 c4 16. Nf5 Bc5 17. Qh3 Nc6 18. Nf3 Ne4 19. Bh6 Ne7 20. Nxg7 Rfd8 21. Nh5 Qf5 22. Rae1 Qxh3 23. gxh3 f5 24. Ng5 Rd6 25. Nxe4 fxe4 26. Bf4 Re6 27. Rxe4 Rxe4 28. Nf6+ Kf7 29. Nxe4 Nd5 30. Bg3 Be7 31. Rd1 c3 32. b3 Nb4 33. Rxd4 Rc8 34. Rd7 Ke6 35. Rc7 Rxc7 36. Bxc7 Nxa2 37. Nxc3 Nxc3 38. Ba5 Ne2+ 39. Kf1 Nd4 40. b4 Nxc2 41. b5 Bc5 42. Ke2 Nd4+ 43. Kd3 Nf3 44. Ke2 Nd4+ 45. Kd3 Kd5 46. f4 Nxb5 47. f5 Be7 48. Be1 Ke5 49. Kc4 Nd6+ 50. Kc5 Nxf5+ 51. Kb5 Nd4+ 52. Kc4 Nf3 53. Bg3+ Ke4 54. Kb5 Bf6 55. Bb8 Bd4 56. Ka6 0-1